000 00789cai a22001815a 4500
001 L146002
008 081201u xxkado f s 000 0 eng d
035 _a(Sirsi) u146002
041 0 _aeng
110 2 _aFinancial Times
_91480
245 0 0 _aIn depth
_bUK house prices
_h[electronic resource]
520 _aFinancial microsite provides a range of articles and resources on the UK residential housing market. Also includes regional and national data and commentary on UK house builders. Free registration is required to view more than three articles in any 30 day period.
590 _aKA
651 4 _aUnited Kingdom
_y1973-
690 _aResidential property
_96266
856 4 0 _uhttps://www.ft.com/indepth/ukhousing
_zView the website free of charge online at www.ft.com...
942 _n0
999 _c120738
_d120738